Т. 1; Химия цеолитов и катализ на цеолитах

Détails bibliographiques
Parent link:Химия цеолитов и катализ на цеолитах: Пер. с англ./ Под ред. Дж. Рабо; Пер. с англ. под ред. Х. М. Миначева. Т. 1.— , 1980-
Langue:russe
Publié: 1980
Sujets:
Format: Livre
KOHA link:https://koha.lib.tpu.ru/cgi-bin/koha/opac-detail.pl?biblionumber=32890

MARC

LEADER 00000nam2a2200000 4500
001 32890
005 20231101210125.0
035 |a (RuTPU)RU\TPU\book\33201 
035 |a BOOK00000032 
090 |a 32890 
100 |a 20011210d1980 k y0rusy50 ca 
101 1 |a rus  |c eng 
102 |a RU 
105 |a a z 000zy 
200 0 |a Т. 1 
210 |d 1980 
215 |a 506 с.  |c ил. 
320 |a Библиогр. в конце глав. 
461 1 |0 (RuTPU)RU\TPU\book\39991  |t Химия цеолитов и катализ на цеолитах  |o Пер. с англ.  |f Под ред. Дж. Рабо; Пер. с англ. под ред. Х. М. Миначева  |v Т. 1  |d 1980- 
606 1 |a Цеолиты  |x Минералогия  |2 stltpush  |3 (RuTPU)RU\TPU\subj\72331  |9 85892 
606 1 |a Катализаторы цеолитсодержащие  |x (химия)  |2 stltpush  |3 (RuTPU)RU\TPU\subj\14076  |9 40549 
610 1 |a химия 
610 1 |a катализ 
610 1 |a структура 
610 1 |a ИК-спектроскопия 
610 1 |a кристаллы 
610 1 |a окклюзия 
610 1 |a диффузия 
675 |a 549.67  |v 3 
675 |a 544.478  |v 3 
801 0 |a RU  |b 63413507  |c 20011210  |g PSBO 
801 2 |a RU  |b 63413507  |c 20220808  |g PSBO 
942 |c BK